|
|
|
|
| LEADER |
02935cam a2200709 i 4500 |
| 001 |
nkc20193115946 |
| 003 |
CZ PrNK |
| 005 |
20200608144258.0 |
| 007 |
ta |
| 008 |
190612s2019 xr ac e 000 0 cze d |
| 015 |
|
|
|a cnb003115946
|
| 020 |
|
|
|a 978-80-7525-230-2
|q (vázáno) :
|c Kč 599,00
|
| 035 |
|
|
|a (OCoLC)1119117544
|
| 040 |
|
|
|a ULG001
|b cze
|d OLA001
|d ABA001
|e rda
|
| 041 |
1 |
|
|a cze
|h eng
|
| 045 |
|
|
|a w3x4
|
| 072 |
|
7 |
|a 77
|x Fotografie. Fotografické postupy
|2 Konspekt
|9 21
|
| 080 |
|
|
|a 77.03
|2 MRF
|
| 080 |
|
|
|a 77.039
|2 MRF
|
| 080 |
|
|
|a 930.85
|2 MRF
|
| 080 |
|
|
|a 316.72/.75
|2 MRF
|
| 080 |
|
|
|a (084.12)
|2 MRF
|
| 100 |
1 |
|
|a Wild, Wolfgang,
|d 1970-
|7 osa20191040087
|4 aut
|
| 240 |
1 |
0 |
|a Paper time machine.
|l Česky
|
| 245 |
1 |
0 |
|a Historie v barvě =
|b The paper time machine /
|c Wolfgang Wild & Jordan Lloyd ; překlad: David Lenhart, Pavel Pospíšil, David Bimka, Lenka Žárská, Šárka Nygrýnová, Ludvík Pouzar, Boleslav Žemlík
|
| 246 |
3 |
1 |
|a Paper time machine
|
| 250 |
|
|
|a Vydání první
|
| 264 |
|
1 |
|a Brno :
|b Extra Publishing,
|c 2019
|
| 300 |
|
|
|a 271 stran :
|b ilustrace (převážně barevné), portréty ;
|c 29 cm
|
| 336 |
|
|
|a text
|b txt
|2 rdacontent
|
| 336 |
|
|
|a statický obraz
|b sti
|2 rdacontent
|
| 337 |
|
|
|a bez média
|b n
|2 rdamedia
|
| 338 |
|
|
|a svazek
|b nc
|2 rdacarrier
|
| 500 |
|
|
|a Přeloženo z angličtiny
|
| 500 |
|
|
|a Obálkový podnázev: ikonické momenty z dějin lidstva, jak je viděli tenkrát
|
| 648 |
|
7 |
|a 19.-20. století
|7 ch757015
|2 czenas
|
| 648 |
|
4 |
|a 1839-1949
|
| 650 |
0 |
7 |
|a dokumentární fotografie
|7 ph119534
|y 19.-20. století
|2 czenas
|
| 650 |
0 |
7 |
|a historické fotografie
|7 ph135159
|y 19.-20. století
|2 czenas
|
| 650 |
0 |
7 |
|a dějiny civilizace
|7 ph137927
|y 19.-20. století
|2 czenas
|
| 650 |
0 |
7 |
|a kultura a společnost
|7 ph122010
|y 19.-20. století
|2 czenas
|
| 650 |
0 |
9 |
|a documentary photography
|y 19th-20th centuries
|2 eczenas
|
| 650 |
0 |
9 |
|a historical photographs
|y 19th-20th centuries
|2 eczenas
|
| 650 |
0 |
9 |
|a history of civilization
|y 19th-20th centuries
|2 eczenas
|
| 650 |
0 |
9 |
|a culture and society
|y 19th-20th centuries
|2 eczenas
|
| 655 |
|
7 |
|a fotografické publikace
|7 fd132276
|2 czenas
|
| 655 |
|
9 |
|a photographical works
|2 eczenas
|
| 700 |
1 |
|
|a Lloyd, Jordan
|7 osa20191040099
|4 ill
|
| 700 |
1 |
|
|a Lenhart, David
|4 trl
|
| 700 |
1 |
|
|a Pospíšil, Pavel
|4 trl
|
| 700 |
1 |
|
|a Bimka, David,
|d 1981-
|7 ola2007419058
|4 trl
|
| 700 |
1 |
|
|a Žárská, Lenka
|4 trl
|
| 700 |
1 |
|
|a Nygrýnová, Šárka
|4 trl
|
| 700 |
1 |
|
|a Pouzar, Ludvík
|7 ola20191047593
|4 trl
|
| 700 |
1 |
|
|a Žemlík, Boleslav,
|d 1991-
|7 av2018981070
|4 trl
|
| 910 |
2 |
|
|a BOA001
|b 4-1432.205
|
| 920 |
|
|
|a KN3148000001512018
|z ULG001
|
| 990 |
|
|
|a BK
|
| 995 |
|
|
|a 01
|
| 991 |
|
|
|b 201909
|c NOV
|
| 996 |
6 |
|
|b 2610791450
|c 4-1432.205
|l MZK
|r Sklad / do 1 hodiny
|n 0
|p p.v.
|w 001747702
|u 000010
|a 1
|e BOA001
|j MZK50
|s P
|
| 996 |
7 |
|
|b 2610791451
|c 4-1432.205
|l MZK
|r Sklad / do 1 hodiny
|n 4
|p p.v.
|w 001747702
|u 000020
|a 1
|e BOA001
|j MZK50
|s A
|